| 000 | 00000nam##2200000za#4500 |
| 001 | 9.643260 |
| 003 | CaOODSP |
| 005 | 20210624224104 |
| 007 | cr ||||||||||| |
| 008 | 150407|2014||||xxc|||||o f|0| 0 fre|d |
| 020 | |a978-0-660-22121-2 |
| 040 | |aCaOODSP|bfre |
| 043 | |an-cn--- |
| 086 | 1 |aM144-254/2014F-PDF |
| 110 | 1 |aCanada.|bRessources naturelles Canada. |bOffice de l'efficacité énergétique. |
| 245 | 10|aDirectives concernant l'étiquetage ÉnerGuide pour appareils ménagers et climatiseurs individuels, 2014 |h[ressource électronique] |
| 260 | |aOttawa - Ontario : |bRessources naturelles Canada. |cc2014. |
| 300 | |a36p.|bfigures, tableaux |
| 590 | |a15-02|b2015-01-09 |
| 691 | 07|aAppareil électrique|2gcpds |
| 691 | 07|aClimatisation|2gcpds |
| 691 | 07|aRendement énergétique|2gcpds |
| 775 | 08|tEnerGuide labelling instructions for appliances and room air conditioners, 2014 |w(CaOODSP)9.699284 |
| 856 | 40|ahttp://publications.gc.ca|qPDF|s2.03 Mo|uhttps://publications.gc.ca/collections/collection_2015/rncan-nrcan/M144-254-2014-fra.pdf |